000 00453nam a2200205Ia 4500
001 14360
003 GE_BSU
008 181216s||||||||xx |||||||||||||| ||und||
020 _a0007183054
040 _cGE_BSU
080 _a821.111-311.6
100 _aDobbs,Michael
245 _aChurchill's Hour
260 _aLondon
260 _bHarper Collins Publishers
260 _c2004
300 _a452p.18cm.
653 _aChurchill's Hour
942 _cBK
999 _c47496
_d47496